000
00183nam a2200073Ia 4500
008
180219s9999 xx 000 0 und d
100
_a
Sharma Santosh
245
0
_a
Nagrik Shastra Shisharan
260
_a
Jaipur / Kavita
999
_c
41187
_d
41187